BIBLIOTECA

SENCICO

Tapicería (Registro nro. 1656)

Detalles MARC
000 -LEADER
fixed length control field 00712nam a2200217Ia 4500
005 - DATE AND TIME OF LATEST TRANSACTION
control field 20251020182518.0
008 - FIXED-LENGTH DATA ELEMENTS--GENERAL INFORMATION
fixed length control field 200515s9999 xx 000 0 und d
020 ## - INTERNATIONAL STANDARD BOOK NUMBER
International Standard Book Number 84-342-2219-1
082 ## - DEWEY DECIMAL CLASSIFICATION NUMBER
Classification number 684.72/G45
100 ## - MAIN ENTRY--PERSONAL NAME
Personal name Gibert, Vincen
100 ## - MAIN ENTRY--PERSONAL NAME
Personal name López, Josep
245 #0 - TITLE STATEMENT
Title Tapicería
260 ## - PUBLICATION, DISTRIBUTION, ETC.
Place of publication, distribution, etc. Santafé de Bogotá, D.C.
260 ## - PUBLICATION, DISTRIBUTION, ETC.
Date of publication, distribution, etc. 1999
300 ## - PHYSICAL DESCRIPTION
Other physical details il.
500 ## - GENERAL NOTE
General note 1 ejemplar
520 ## - SUMMARY, ETC.
Summary, etc. Se explica de forma extensa y precisa el oficio de tapicero. En él se describe el material y las herramientas que se utilizan habitualmente, así como las distintas técnicas que se pueden aplicar en el proceso del tapizado de un mueble
650 ## - SUBJECT ADDED ENTRY--TOPICAL TERM
Topical term or geographic name entry element TAPICERIA
942 ## - ADDED ENTRY ELEMENTS (KOHA)
Koha item type Libros
Existencias
Fecha de la última vez que lo usaron Pago total Signatura topográfica completa Código de barras Precio efectivo desde Tipo de documento Estado perdido Estado dañado No es para préstamo Retirado Ubicación permanente Ubicación actual Fecha de adquisición
15/05/2020   684.72/G45 Bib-Lima15051656 15/05/2020 Libros         Biblioteca Central Lima Biblioteca Central Lima 15/05/2020